[Event "World Rapid 2019"]
[Site "Moscow RUS"]
[Date "2019.12.28"]
[Round "12.12"]
[White "Giri, Anish"]
[Black "Antipov, Mikhail Al."]
[Result "1/2-1/2"]
[WhiteTitle "GM"]
[BlackTitle "GM"]
[WhiteElo "2769"]
[BlackElo "2549"]
[WhiteFideId "24116068"]
[BlackFideId "4107012"]
[EventDate "2019.12.26"]

1. e4 e5 2. Nf3 Nc6 3. Bc4 Bc5 4. c3 Nf6 5. d3 d6 6. O-O a5 7. Re1 O-O 8. h3 h6
9. Nbd2 Be6 10. Bb5 Qb8 11. Bxc6 bxc6 12. d4 exd4 13. cxd4 Ba7 14. Qc2 Qb5 15.
a4 Qb7 16. Ra3 Rab8 17. Rc3 Qb4 18. Rxc6 Bxd4 19. Nxd4 Qxd4 20. b3 Qb4 21. Re3
d5 22. Bb2 d4 23. Rd3 Rfd8 24. Qc1 Nh5 25. g3 Bxh3 26. Ba3 Qb7 27. Qc5 Bg4 28.
Bb2 Be2 29. Rxd4 Rxd4 30. Bxd4 Qc8 31. Rxc7 Qh3 32. Qf5 Qxf5 33. exf5 Nf6 34.
Bxf6 gxf6 35. Kg2 Rd8 36. Rc2 Bg4 37. Nc4 Bxf5 38. Rd2 Rxd2 39. Nxd2 Bc2 40. Kf3
f5 41. Ke3 Kg7 42. Kd4 f4 43. Kc3 Bd1 44. Nc4 f5 45. gxf4 Kf6 46. Ne3 Bf3 47. b4
axb4+ 48. Kxb4 h5 49. a5 h4 50. a6 Bg2 51. a7 h3 52. Nf1 Ke6 53. Nh2 Bb7 54. Kc5
Kd7 55. Kd4 Kd6 56. Nf1 Bc6 57. Nh2 Bb7 58. f3 Bc6 59. Ke3 Kc7 60. Kf2 Kb7 61.
Kg3 Kxa7 62. Kxh3 Kb6 63. Kh4 Bb5 64. Kg5 Bd3 65. Kf6 Kc6 66. Ke6 Kc7 67. Ke7
Be2 68. Ke6 Bd3 69. Ng4 fxg4 70. fxg4 Kd8 71. Kf7 Bc4+ 72. Kg7 Be2 73. g5 Bd3
74. Kf7 Bc4+ 75. Kf8 Bd3 76. Kf7 Bc4+ 77. Kg7 Bd3 78. Kf8 Kd7 79. Kf7 Bc4+ 80.
Kf6 Ke8 81. f5 Kf8 82. g6 Bd3 83. Kg5 Bxf5 84. Kxf5 Kg7 85. Kg5 Kg8 86. Kf6 Kf8
87. g7+ Kg8 88. Kg6 1/2-1/2

[Event "World Rapid 2019"]
[Site "Moscow RUS"]
[Date "2019.12.28"]
[Round "12.14"]
[White "Grachev, Boris"]
[Black "Salem, A.R. Saleh"]
[Result "1/2-1/2"]
[WhiteTitle "GM"]
[BlackTitle "GM"]
[WhiteElo "2614"]
[BlackElo "2675"]
[WhiteFideId "4129199"]
[BlackFideId "9301348"]
[EventDate "2019.12.26"]

1. Nf3 c5 2. c4 Nf6 3. Nc3 d5 4. cxd5 Nxd5 5. g3 Nc6 6. Bg2 g6 7. d3 Bg7 8. Bd2
O-O 9. Qc1 Bg4 10. h3 Bxf3 11. Bxf3 e6 12. Nxd5 exd5 13. Qxc5 Nd4 14. O-O Nxf3+
15. exf3 Qd7 16. Kg2 Rfc8 17. Qa3 Qb5 1/2-1/2

[Event "World Rapid 2019"]
[Site "Moscow RUS"]
[Date "2019.12.28"]
[Round "12.15"]
[White "Sargissian, Gabriel"]
[Black "Perunovic, Milos"]
[Result "1/2-1/2"]
[WhiteTitle "GM"]
[BlackTitle "GM"]
[WhiteElo "2689"]
[BlackElo "2589"]
[WhiteFideId "13300881"]
[BlackFideId "921629"]
[EventDate "2019.12.26"]

1. d4 Nf6 2. Nf3 e6 3. c4 c5 4. Nc3 cxd4 5. Nxd4 Nc6 6. a3 Nxd4 7. Qxd4 b6 8.
Bg5 Bc5 9. Qd2 Bb7 10. e3 h6 11. Bf4 O-O 12. Be2 d5 13. cxd5 Nxd5 14. Nxd5 Qxd5
15. Qxd5 Bxd5 16. O-O Rfd8 17. Be5 Bb7 18. Rfd1 Rac8 19. Kf1 Kf8 1/2-1/2

[Event "World Rapid 2019"]
[Site "Moscow RUS"]
[Date "2019.12.28"]
[Round "12.16"]
[White "Anton Guijarro, David"]
[Black "Dreev, Aleksey"]
[Result "1-0"]
[WhiteTitle "GM"]
[BlackTitle "GM"]
[WhiteElo "2685"]
[BlackElo "2677"]
[WhiteFideId "2285525"]
[BlackFideId "4100107"]
[EventDate "2019.12.26"]

1. Nf3 d5 2. b3 Bg4 3. Bb2 Nd7 4. e3 c6 5. h3 Bh5 6. d3 Qc7 7. g4 Bg6 8. Nh4 e5
9. Nd2 Bd6 10. a3 Ne7 11. Bg2 a5 12. Qe2 Nc5 13. Nxg6 hxg6 14. h4 Ne6 15. O-O-O
b5 16. Kb1 a4 17. b4 c5 18. c3 Rc8 19. Rc1 c4 20. dxc4 bxc4 21. g5 Rb8 22. h5
gxh5 23. Rxh5 Rf8 24. Rd1 g6 25. Rh4 e4 26. Bxe4 dxe4 27. Nxe4 Be5 28. f4 Rh8
29. Rxh8+ Bxh8 30. Qh2 Bg7 31. Nf6+ Kf8 32. Nd7+ Ke8 33. Nxb8 Qxb8 34. Qc2 Qa8
35. Ka2 Nd5 36. Qd2 Ndc7 37. Qd7+ Kf8 38. Rd6 Kg8 39. Rc6 Kh7 40. e4 Nb5 41. f5
Nf4 42. fxg6+ Nxg6 43. Qh3+ Nh4 44. Qxh4+ Kg8 45. Rxc4 Qa6 46. e5 Bxe5 47. Rc5
Nxc3+ 48. Rxc3 Bxc3 49. Bxc3 Qe2+ 50. Bb2 Qe6+ 51. Ka1 1-0

[Event "World Rapid 2019"]
[Site "Moscow RUS"]
[Date "2019.12.28"]
[Round "12.17"]
[White "Bartel, Mateusz"]
[Black "Gelfand, Boris"]
[Result "1/2-1/2"]
[WhiteTitle "GM"]
[BlackTitle "GM"]
[WhiteElo "2634"]
[BlackElo "2684"]
[WhiteFideId "1112635"]
[BlackFideId "2805677"]
[EventDate "2019.12.26"]

1. e4 c5 2. Nf3 Nc6 3. Nc3 e5 4. Bc4 Be7 5. Nd5 d6 6. O-O Nf6 7. Re1 O-O 8. c3
a6 9. a4 Rb8 10. h3 b5 11. axb5 axb5 12. Bf1 c4 13. d4 cxd3 14. Nxe7+ Qxe7 15.
Bxd3 b4 16. Bg5 bxc3 17. bxc3 h6 18. Bh4 Be6 19. Nh2 g5 20. Bg3 Qc7 21. h4 Na5
22. hxg5 hxg5 23. Qf3 Kg7 24. Qe3 Nh7 25. Nf3 f6 26. Nd2 Rfc8 27. Ra3 Qc5 28.
Qxc5 Rxc5 29. Rb1 Rxb1+ 30. Nxb1 Nc4 31. Ra7+ Kg8 32. f3 Nf8 33. Bf2 Rc8 34. Ra6
Rb8 35. Na3 Nxa3 36. Rxa3 Rc8 37. Ra6 Rxc3 38. Rxd6 Rc1+ 39. Kh2 Rd1 40. Bc5 Kf7
41. Bb5 Rxd6 1/2-1/2

[Event "World Rapid 2019"]
[Site "Moscow RUS"]
[Date "2019.12.28"]
[Round "12.18"]
[White "Geller, Jakov"]
[Black "Rakhmanov, Aleksandr"]
[Result "1/2-1/2"]
[WhiteTitle "GM"]
[BlackTitle "GM"]
[WhiteElo "2521"]
[BlackElo "2645"]
[WhiteFideId "4151984"]
[BlackFideId "4173708"]
[EventDate "2019.12.26"]

1. e4 e5 2. Nf3 Nf6 3. Nxe5 d6 4. Nf3 Nxe4 5. Qe2 Qe7 6. d3 Nf6 7. Bg5 Nbd7 8.
Nc3 Qxe2+ 9. Bxe2 a6 10. O-O-O h6 11. Bf4 g6 12. Rhe1 Bg7 13. Bf1+ Kd8 14. d4
Nb6 15. h3 Be6 16. b3 Nbd5 17. Nxd5 Nxd5 18. Bd2 b5 19. Bd3 Re8 20. a3 Nb6 21.
Be4 Bd5 22. Bxd5 Nxd5 23. c3 a5 24. Kc2 Nb6 25. Rxe8+ Kxe8 26. Bf4 a4 27. b4 Kd7
28. Nd2 Re8 29. Kd3 Nd5 30. Be3 c6 31. c4 Nb6 32. Rc1 f5 33. h4 Bf8 34. g3 h5
35. Bf4 Be7 36. Re1 Rc8 37. Rc1 Rd8 38. Re1 Bf8 39. Bg5 Rc8 40. Bf6 d5 41. c5
Nc4 42. Nxc4 dxc4+ 43. Kc3 Re8 44. Rxe8 Kxe8 45. d5 Kd7 46. Kd4 Bh6 47. f4 Bf8
48. Be5 Be7 49. Bg7 Bd8 50. Bh8 Be7 51. Bg7 1/2-1/2

[Event "World Rapid 2019"]
[Site "Moscow RUS"]
[Date "2019.12.28"]
[Round "12.19"]
[White "Yu, Yangyi"]
[Black "Petrov, Nikita"]
[Result "1-0"]
[WhiteTitle "GM"]
[BlackTitle "GM"]
[WhiteElo "2738"]
[BlackElo "2585"]
[WhiteFideId "8603820"]
[BlackFideId "4101286"]
[EventDate "2019.12.26"]

1. e4 e5 2. Nf3 Nc6 3. Nc3 Nf6 4. Bb5 Bc5 5. O-O O-O 6. d3 Nd4 7. Nxd4 Bxd4 8.
Ne2 Bb6 9. Ng3 c6 10. Ba4 d5 11. h3 dxe4 12. dxe4 Qxd1 13. Rxd1 Be6 14. Bb3 Bxb3
15. axb3 h6 16. Kf1 Rfd8 17. Bd2 Ne8 18. Ke2 Nc7 19. Bc3 f6 20. Nf5 Ne6 21. h4
h5 22. g3 g6 23. Nd6 Rd7 24. Nc4 Rad8 25. Rxd7 Rxd7 26. Nxb6 axb6 27. Ke3 c5 28.
f4 Nd4 29. Bxd4 cxd4+ 30. Kd3 Kf7 31. Ra8 Rc7 32. Rh8 Kg7 33. Rd8 exf4 34. gxf4
g5 35. fxg5 fxg5 36. Rd5 Rc5 37. Rd7+ Kg6 38. b4 Rc6 39. b5 Re6 40. hxg5 h4 41.
Kxd4 h3 42. Ke3 h2 43. Rd1 Kxg5 44. Rh1 Rh6 45. Kf3 Rh3+ 46. Kg2 Re3 47. Kxh2
Re2+ 48. Kg3 Rxc2 49. Rf1 Rc5 50. b4 Rxb5 51. Rb1 Kf6 52. Kf4 Rh5 53. Rd1 Ke6
54. Rg1 Rb5 55. Rb1 Rh5 56. Ke3 Ke5 57. Rf1 Ke6 58. Kd4 Rb5 59. Kc4 Re5 60. Rf4
Rh5 61. Rg4 Kf6 62. Rg8 Re5 63. Rf8+ Ke7 64. Rf4 Ke6 65. Rh4 Kd6 66. Rg4 Ke6 67.
Rg6+ Kd7 68. Rg4 Ke6 69. Rh4 Kd6 70. Kd3 Rb5 71. Rg4 Ke6 72. Kc3 Re5 73. Kc4 Kd6
74. Rh4 Ke6 75. Rh7 Rxe4+ 76. Kb5 Kd6 77. Rxb7 Rg4 78. Rxb6+ Kc7 79. Ka6 Rg1 80.
Rb7+ Kc8 81. b5 Rg6+ 82. Ka7 Rg5 83. Rb8+ Kc7 84. b6+ Kc6 85. Rc8+ Kd7 86. b7 1-0

[Event "World Rapid 2019"]
[Site "Moscow RUS"]
[Date "2019.12.28"]
[Round "12.20"]
[White "Melkumyan, Hrant"]
[Black "Petrosian, Tigran L."]
[Result "1-0"]
[WhiteTitle "GM"]
[BlackTitle "GM"]
[WhiteElo "2668"]
[BlackElo "2601"]
[WhiteFideId "13302485"]
[BlackFideId "13301616"]
[EventDate "2019.12.26"]

1. d4 d6 2. Nf3 Bg4 3. c4 Bxf3 4. exf3 c6 5. Nc3 Nf6 6. Be3 Nbd7 7. Qb3 Qc7 8.
Rc1 g6 9. Be2 Bg7 10. O-O O-O 11. f4 a6 12. Rfd1 Rac8 13. a3 Qb8 14. Qa2 e6 15.
b4 d5 16. c5 h5 17. Qc2 Ng4 18. Rb1 Nxe3 19. fxe3 Qa7 20. a4 b6 21. cxb6 Nxb6
22. a5 Nd7 23. Na4 Bf6 24. Nc5 Nxc5 25. bxc5 Bd8 26. Rb6 Bxb6 27. cxb6 Qe7 28.
Qc5 Qxc5 29. dxc5 Ra8 30. Rb1 Rfb8 31. Kf2 f5 32. g3 Kf7 33. Ke1 e5 34. fxe5 Ke6
35. Rb4 Kxe5 36. Kd2 Rb7 37. Kc3 Rbb8 38. h3 Rb7 39. Rh4 Re7 40. Rb4 Kf6 41. Kd2
Rb7 42. Bd3 Rbb8 43. Ke2 Rb7 44. Kf3 Ke5 45. Kg2 Kf6 46. Rf4 Re7 47. Kf2 Rae8
48. Bxa6 Rxe3 49. Bf1 Ra3 50. a6 Ra2+ 51. Kg1 Re1 52. a7 Rb1 53. Rf2 Raa1 54.
Kh2 Ke5 55. Bg2 Kd4 56. Rf1 Rxf1 57. Bxf1 Kxc5 58. b7 1-0

[Event "World Rapid 2019"]
[Site "Moscow RUS"]
[Date "2019.12.28"]
[Round "12.21"]
[White "Tomashevsky, Evgeny"]
[Black "Amin, Bassem"]
[Result "1/2-1/2"]
[WhiteTitle "GM"]
[BlackTitle "GM"]
[WhiteElo "2705"]
[BlackElo "2683"]
[WhiteFideId "4147235"]
[BlackFideId "10601457"]
[EventDate "2019.12.26"]

1. c4 Nf6 2. Nc3 g6 3. g3 Bg7 4. Bg2 O-O 5. Nf3 d6 6. d4 Nbd7 7. O-O e5 8. e4 c6
9. Re1 exd4 10. Nxd4 Ng4 11. Qxg4 Bxd4 12. Qd1 Bg7 13. Bd2 Ne5 14. Qe2 Qb6 15.
b3 f5 16. h3 fxe4 17. Nxe4 Bxh3 18. Bxh3 Nf3+ 19. Kg2 Rae8 20. Be3 Nxe1+ 21.
Rxe1 Rxe4 22. Bxb6 Rxe2 23. Rxe2 axb6 24. Re7 Bd4 25. Be6+ Kh8 26. f4 Rb8 27. a4
b5 28. cxb5 cxb5 29. axb5 b6 30. Bd5 Rf8 31. Kf3 Bc5 32. g4 Bb4 33. Ke3 Ba3 34.
Rc7 Re8+ 35. Kf3 Bc5 36. g5 Re3+ 37. Kg4 Re8 38. Bf7 Rd8 39. Bd5 Rf8 40. Re7 Bb4
41. Re2 Ba3 42. Rc2 Bc5 43. Re2 Ba3 44. Re1 Bb4 45. Re4 Bd2 46. Rd4 Be3 47. Re4
Bd2 48. Bc4 h6 49. Rd4 Be3 50. Re4 Bd2 51. Rd4 Be3 52. Re4 1/2-1/2

[Event "World Rapid 2019"]
[Site "Moscow RUS"]
[Date "2019.12.28"]
[Round "12.22"]
[White "Vallejo Pons, Francisco"]
[Black "Safarli, Eltaj"]
[Result "0-1"]
[WhiteTitle "GM"]
[BlackTitle "GM"]
[WhiteElo "2704"]
[BlackElo "2601"]
[WhiteFideId "2205530"]
[BlackFideId "13402129"]
[EventDate "2019.12.26"]

1. e4 e5 2. Nf3 Nc6 3. Bb5 a6 4. Ba4 d6 5. c3 Bd7 6. O-O g6 7. d4 Bg7 8. Re1 b5
9. Bc2 exd4 10. cxd4 Bg4 11. Be3 Nge7 12. Nc3 O-O 13. Ne2 Qd7 14. Qd2 Bxf3 15.
gxf3 d5 16. Kg2 dxe4 17. fxe4 f5 18. e5 Nd5 19. f4 Nd8 20. Nc3 c6 21. Bb3 Ne6
22. Nxd5 cxd5 23. h4 Rfd8 24. Rac1 Rac8 25. Kg3 Bf8 26. Rxc8 Rxc8 27. Qg2 Bb4
28. Rg1 Rd8 29. h5 g5 30. Qc2 gxf4+ 31. Kh2+ Kh8 32. Bf2 Qf7 33. Qd1 Be7 34. h6
Ng5 35. Bh4 f3 36. Bxg5 Qh5+ 37. Kg3 Rg8 38. Kf2 Bxg5 39. Bxd5 Bh4+ 40. Ke3 Bf2+
41. Kxf2 Qh2+ 42. Kxf3 Rxg1 43. Qe2 0-1

[Event "World Rapid 2019"]
[Site "Moscow RUS"]
[Date "2019.12.28"]
[Round "12.23"]
[White "Fridman, Daniel"]
[Black "Jobava, Baadur"]
[Result "1-0"]
[WhiteTitle "GM"]
[BlackTitle "GM"]
[WhiteElo "2616"]
[BlackElo "2604"]
[WhiteFideId "11600454"]
[BlackFideId "13601520"]
[EventDate "2019.12.26"]

1. d4 c6 2. Nf3 d5 3. c4 Nf6 4. g3 dxc4 5. Bg2 Nbd7 6. a4 a5 7. O-O Nb6 8. Qc2
g6 9. e4 Bg7 10. Na3 O-O 11. Re1 Bg4 12. Be3 Nfd7 13. Nxc4 Nxc4 14. Qxc4 Qb6 15.
b3 Qb4 16. Rab1 Rad8 17. Rec1 Nb8 18. Qxb4 axb4 19. Ne5 Be2 20. f4 Nd7 21. Rb2
Ba6 22. Nc4 Nc5 23. Rd1 Bxc4 24. bxc4 Nxa4 25. Rxb4 Nc3 26. Rd2 Bxd4 27. Bxd4
Rxd4 28. Rxd4 c5 29. Rd7 cxb4 30. Rxb7 Na2 31. e5 Rc8 32. Rxe7 Rb8 33. c5 Kf8
34. Ra7 Nc3 35. c6 Rc8 36. Rb7 Ne2+ 37. Kf2 Nd4 38. Bd5 Nxc6 39. Rxf7+ Ke8 40.
Rxh7 Nd8 41. Ke2 Rc5 42. Be4 g5 43. Rh6 gxf4 44. gxf4 Ke7 45. Rb6 Ne6 46. Kf3 b3
47. f5 Nd4+ 48. Ke3 Nb5 49. f6+ Kf7 50. Rb7+ Nc7 51. Kd4 Rc1 52. Bd5+ Kg6 53.
Bxb3 1-0

[Event "World Rapid 2019"]
[Site "Moscow RUS"]
[Date "2019.12.28"]
[Round "12.24"]
[White "Adhiban, Baskaran"]
[Black "Alekseenko, Kirill"]
[Result "1-0"]
[WhiteTitle "GM"]
[BlackTitle "GM"]
[WhiteElo "2654"]
[BlackElo "2704"]
[WhiteFideId "5018471"]
[BlackFideId "4135539"]
[EventDate "2019.12.26"]

1. d4 d5 2. c4 dxc4 3. Nf3 a6 4. Nc3 Nf6 5. e4 b5 6. a4 b4 7. e5 bxc3 8. exf6
cxb2 9. fxg7 bxa1=Q 10. gxh8=Q Qd6 11. Bxc4 Be6 12. O-O Bxc4 13. Bh6 Qxd1 14.
Qxf8+ Kd7 15. Rxd1 f6 16. Bf4 Qd5 17. Rc1 a5 18. Qh6 Nc6 19. Qh3+ f5 20. Qxh7
Rg8 21. h4 Nxd4 22. Ne5+ Kc8 23. f3 Ne2+ 24. Kh1 Nxc1 25. Qxf5+ e6 26. Qf7 Rd8
27. Ng6 Qd1+ 28. Kh2 e5 29. Ne7+ Kd7 30. Nd5+ Kd6 31. Qxc7+ Ke6 32. Qxe5+ Kf7
33. Qf6+ 1-0

[Event "World Rapid 2019"]
[Site "Moscow RUS"]
[Date "2019.12.28"]
[Round "12.25"]
[White "Alekseev, Evgeny"]
[Black "Zubov, Alexander"]
[Result "1/2-1/2"]
[WhiteTitle "GM"]
[BlackTitle "GM"]
[WhiteElo "2620"]
[BlackElo "2601"]
[WhiteFideId "4138147"]
[BlackFideId "14109409"]
[EventDate "2019.12.26"]

1. c4 c5 2. Nf3 g6 3. d4 cxd4 4. Nxd4 Nf6 5. Nc3 d5 6. cxd5 Nxd5 7. Ndb5 Nxc3 8.
Qxd8+ Kxd8 9. Nxc3 Bg7 10. Bd2 Bd7 11. e3 Bc6 12. f3 Nd7 13. Be2 e6 14. Kf2 a6
15. Rac1 Ke7 16. b3 Rhc8 17. Rc2 b6 18. Rhc1 Bb7 19. e4 Bd4+ 20. Be3 Bxe3+ 1/2-1/2

[Event "World Rapid 2019"]
[Site "Moscow RUS"]
[Date "2019.12.28"]
[Round "12.27"]
[White "Ganguly, Surya Shekhar"]
[Black "Sjugirov, Sanan"]
[Result "1/2-1/2"]
[WhiteTitle "GM"]
[BlackTitle "GM"]
[WhiteElo "2633"]
[BlackElo "2665"]
[WhiteFideId "5002150"]
[BlackFideId "4189302"]
[EventDate "2019.12.26"]

1. e4 c5 2. Nf3 d6 3. d4 cxd4 4. Nxd4 Nf6 5. Nc3 a6 6. Be3 e5 7. Nf3 Be7 8. Bc4
O-O 9. O-O Be6 10. Bxe6 fxe6 11. Na4 Ng4 12. Qd3 Nxe3 13. Qxe3 b5 14. Nb6 Ra7
15. Nd5 Rb7 16. Qd2 Kh8 17. Nxe7 Qxe7 18. Rfd1 Rb6 19. a4 bxa4 20. Rxa4 Nd7 21.
Rb4 Rxb4 22. Qxb4 Nc5 23. Qc4 a5 24. b3 h6 25. c3 Rf4 26. Re1 Kg8 27. b4 axb4
28. cxb4 Nxe4 29. Nxe5 d5 30. Qd4 Qf6 31. f3 Nd6 32. Qb6 Nc4 33. Nxc4 Rxc4 34.
b5 Rb4 35. h3 Kh7 36. Qxe6 1/2-1/2

[Event "World Rapid 2019"]
[Site "Moscow RUS"]
[Date "2019.12.28"]
[Round "12.28"]
[White "Cheparinov, Ivan"]
[Black "Aravindh, Chithambaram VR."]
[Result "1/2-1/2"]
[WhiteTitle "GM"]
[BlackTitle "GM"]
[WhiteElo "2687"]
[BlackElo "2605"]
[WhiteFideId "2905540"]
[BlackFideId "5072786"]
[EventDate "2019.12.26"]

1. d4 Nf6 2. c4 g6 3. Nf3 Bg7 4. Nc3 d5 5. Bg5 Ne4 6. Bf4 Nxc3 7. bxc3 O-O 8. e3
c6 9. Be2 dxc4 10. Bxc4 Qa5 11. Qd2 Nd7 12. O-O e5 13. dxe5 Nxe5 14. Nxe5 Bxe5
15. Bxe5 Qxe5 16. Qd4 Qe7 17. Rfd1 Bf5 18. Qd6 Rfe8 19. Qxe7 Rxe7 20. Rd4 Rd7
21. Rxd7 Bxd7 22. Rd1 Rd8 23. e4 Kf8 24. f4 f6 25. Kf2 Ke7 26. Ke3 b6 27. h4 1/2-1/2

[Event "World Rapid 2019"]
[Site "Moscow RUS"]
[Date "2019.12.28"]
[Round "12.29"]
[White "Turov, Maxim"]
[Black "Xu, Yinglun"]
[Result "1/2-1/2"]
[WhiteTitle "GM"]
[BlackTitle "GM"]
[WhiteElo "2574"]
[BlackElo "2555"]
[WhiteFideId "4120086"]
[BlackFideId "8604940"]
[EventDate "2019.12.26"]

1. d4 d5 2. c4 e6 3. Nc3 Nf6 4. cxd5 Nxd5 5. e4 Nxc3 6. bxc3 c5 7. a3 Be7 8. Nf3
O-O 9. Bd3 cxd4 10. cxd4 b6 11. O-O Bb7 12. Qe2 Nd7 13. Bb2 Rc8 14. Rfd1 Qc7 15.
a4 Rfd8 16. h3 h6 17. Qe3 1/2-1/2

[Event "World Rapid 2019"]
[Site "Moscow RUS"]
[Date "2019.12.28"]
[Round "12.30"]
[White "Tregubov, Pavel V."]
[Black "Bocharov, Dmitry"]
[Result "1-0"]
[WhiteTitle "GM"]
[BlackTitle "GM"]
[WhiteElo "2588"]
[BlackElo "2524"]
[WhiteFideId "4115341"]
[BlackFideId "4138716"]
[EventDate "2019.12.26"]

1. e4 c5 2. Nf3 d6 3. c3 Nf6 4. Be2 Bd7 5. d3 Bc6 6. O-O g6 7. e5 dxe5 8. Nxe5
Bg7 9. Na3 O-O 10. Re1 Bd5 11. Bf3 Nbd7 12. Bf4 Rc8 13. Nac4 b5 14. Nxd7 Qxd7
15. Ne5 Qf5 16. Bg3 Rfd8 17. Bxd5 Nxd5 18. Qb3 b4 19. Rad1 h5 20. h4 e6 21. Qc4
Bh6 22. cxb4 cxb4 23. Nc6 Re8 24. Qb5 Bf4 25. Bxf4 Qxf4 26. Re4 Qf6 27. Rd2 a5
28. Rc4 a4 29. Nxb4 Rb8 30. Nxd5 exd5 31. Qxd5 Rxb2 32. Rxb2 Qxb2 33. Rxa4 Re1+
34. Kh2 1-0

[Event "World Rapid 2019"]
[Site "Moscow RUS"]
[Date "2019.12.28"]
[Round "12.31"]
[White "Ismagambetov, Anuar"]
[Black "Predke, Alexandr"]
[Result "1/2-1/2"]
[WhiteTitle "GM"]
[BlackTitle "GM"]
[WhiteElo "2528"]
[BlackElo "2676"]
[WhiteFideId "13701525"]
[BlackFideId "24107581"]
[EventDate "2019.12.26"]

1. e4 c6 2. Nc3 d5 3. Qf3 dxe4 4. Nxe4 Nf6 5. Nxf6+ exf6 6. Bc4 Bd6 7. Ne2 O-O
8. d4 Re8 9. O-O Nd7 10. Bf4 Nf8 11. Rad1 Ne6 12. Bc1 Qc7 13. h3 Ng5 14. Bxg5
fxg5 15. Nc3 Be6 16. d5 cxd5 17. Bxd5 Bxd5 18. Nxd5 Qxc2 19. Nf6+ gxf6 20. Rxd6
Qxb2 21. Rxf6 Re7 22. Rf5 h6 23. h4 gxh4 24. Rf4 Rae8 25. Rg4+ Kf8 26. Rxh4 Re1
27. Rxe1 Rxe1+ 28. Kh2 Re6 29. Rf4 Re7 30. Qh3 Qb6 31. Qc3 Ke8 32. Qh8+ Kd7 33.
Rd4+ Kc6 34. Qf6+ Kc5 35. Qf4 Qe6 36. Ra4 a5 37. Rxa5+ Kb6 38. Qb4+ Kc7 39. Qc5+
Kd7 40. Qd4+ Qd6+ 1/2-1/2

[Event "World Rapid 2019"]
[Site "Moscow RUS"]
[Date "2019.12.28"]
[Round "12.32"]
[White "Tsoi, Dmitry"]
[Black "Demchenko, Anton"]
[Result "0-1"]
[WhiteTitle "FM"]
[BlackTitle "GM"]
[WhiteElo "2321"]
[BlackElo "2642"]
[WhiteFideId "24194697"]
[BlackFideId "4160258"]
[EventDate "2019.12.26"]

1. f4 g6 2. Nf3 Bg7 3. e3 d6 4. Be2 e5 5. fxe5 dxe5 6. e4 Ne7 7. O-O O-O 8. d3
c5 9. c3 Nbc6 10. Be3 b6 11. a4 h6 12. Nbd2 Be6 13. Qe1 g5 14. Qg3 f6 15. h3 Qd7
16. Qh2 Ng6 17. Ne1 Nf4 18. Bxf4 exf4 19. Kh1 f5 20. h4 Bf6 21. exf5 Bxf5 22.
Ne4 Ne5 23. a5 Rae8 24. axb6 axb6 25. Rd1 Qe7 26. Rd2 Rd8 27. Rd1 Kg7 28. Qg1
Ng6 29. h5 Ne5 30. b4 cxb4 31. Qxb6 bxc3 32. Ra1 Rb8 33. Qg1 Nc6 34. Ra6 Bd4 35.
Qh2 Rb6 36. Rxb6 Bxb6 37. Nxc3 Nd4 38. Bf3 Be6 39. Be4 Rc8 40. Nd1 Ne2 41. Nf2
Ng3+ 42. Kg1 Rc1 0-1

[Event "World Rapid 2019"]
[Site "Moscow RUS"]
[Date "2019.12.28"]
[Round "12.34"]
[White "Kovalev, Vladislav"]
[Black "Matlakov, Maxim"]
[Result "0-1"]
[WhiteTitle "GM"]
[BlackTitle "GM"]
[WhiteElo "2662"]
[BlackElo "2699"]
[WhiteFideId "13504398"]
[BlackFideId "4168003"]
[EventDate "2019.12.26"]

1. e4 c5 2. Nc3 d6 3. Bb5+ Bd7 4. Bxd7+ Qxd7 5. d4 cxd4 6. Qxd4 Nc6 7. Qd2 g6 8.
b3 Bh6 9. f4 e5 10. Nd5 Nce7 11. Ne2 Nxd5 12. Qxd5 Bg7 13. Bb2 Nf6 14. Qd3 Qc6
15. fxe5 dxe5 16. Nc3 Rd8 17. Qe3 Rd4 18. Rd1 O-O 19. O-O Nxe4 20. Rxd4 exd4 21.
Qxe4 dxc3 22. Qxc6 bxc6 23. Ba3 Bd4+ 24. Kh1 Re8 25. Rd1 Re2 26. g3 c5 27. b4
Rd2 28. Rc1 cxb4 29. Bxb4 f5 30. a3 Kf7 31. Re1 Rxc2 32. Re7+ Kf6 33. Rd7 Ke5
34. Rxh7 Rc1+ 35. Kg2 c2 36. Re7+ Kf6 0-1

[Event "World Rapid 2019"]
[Site "Moscow RUS"]
[Date "2019.12.28"]
[Round "12.35"]
[White "Paravyan, David"]
[Black "Wojtaszek, Radoslaw"]
[Result "1/2-1/2"]
[WhiteTitle "GM"]
[BlackTitle "GM"]
[WhiteElo "2629"]
[BlackElo "2725"]
[WhiteFideId "4194985"]
[BlackFideId "1118358"]
[EventDate "2019.12.26"]

1. e4 c6 2. d4 d5 3. f3 dxe4 4. fxe4 e5 5. Nf3 Bg4 6. Bc4 Nd7 7. c3 b5 8. Bb3
Ngf6 9. O-O Bd6 10. Bg5 O-O 11. Nbd2 h6 12. Bh4 Qc7 13. Qe1 Rae8 14. dxe5 Bxe5
15. Nxe5 Qxe5 16. Qf2 c5 17. a4 c4 18. Bc2 a6 19. axb5 axb5 20. Ra5 Qb8 21. Bg3
Ne5 22. Qc5 Qd8 23. Bxe5 Qxd2 24. Bxf6 Qxc2 25. Be7 Rc8 26. Qd5 Be6 27. Qd1 Qxd1
28. Rxd1 Rfe8 29. Bd6 Bd7 30. Ra7 Bc6 31. e5 Ra8 32. Rda1 Rxa7 33. Rxa7 Ra8 34.
Rxa8+ 1/2-1/2

[Event "World Rapid 2019"]
[Site "Moscow RUS"]
[Date "2019.12.28"]
[Round "12.36"]
[White "Inarkiev, Ernesto"]
[Black "Riazantsev, Alexander"]
[Result "1-0"]
[WhiteTitle "GM"]
[BlackTitle "GM"]
[WhiteElo "2663"]
[BlackElo "2639"]
[WhiteFideId "4162722"]
[BlackFideId "4125029"]
[EventDate "2019.12.26"]

1. Nf3 d5 2. d4 Nf6 3. Bf4 c5 4. e3 cxd4 5. exd4 Nc6 6. Nbd2 Bg4 7. c3 e6 8. Qb3
Bd6 9. Qxb7 Bxf4 10. Qxc6+ Kf8 11. Ne5 h5 12. Bd3 g6 13. h3 Bf5 14. Ndf3 Kg7 15.
Bxf5 exf5 16. O-O Rb8 17. Nd3 Rb6 18. Qa4 Bb8 19. Nfe5 Qd6 20. Rfe1 Ne4 21. Qd7
Qf6 22. Qxd5 Rd8 23. Qc4 Bxe5 24. dxe5 Qg5 25. Re3 Nd2 26. Qc7 Re8 27. Rae1 f4
28. e6 Rexe6 29. Rxe6 Nf3+ 30. Kh1 Nxe1 31. Rxe1 f3 32. Qe5+ 1-0